<?xml version="1.0" encoding="UTF-8"?>
<record
    xmlns:xsi="http://www.w3.org/2001/XMLSchema-instance"
    xsi:schemaLocation="http://www.loc.gov/MARC21/slim http://www.loc.gov/standards/marcxml/schema/MARC21slim.xsd"
    xmlns="http://www.loc.gov/MARC21/slim">

  <leader>03038cam a22003375i 4500</leader>
  <datafield tag="999" ind1=" " ind2=" ">
    <subfield code="c">28114</subfield>
    <subfield code="d">28085</subfield>
  </datafield>
  <controlfield tag="001">019577433</controlfield>
  <controlfield tag="003">EG-ScBUE</controlfield>
  <controlfield tag="005">20200216113355.0</controlfield>
  <controlfield tag="008">191009t20202020paua   f      001 0 eng d</controlfield>
  <datafield tag="020" ind1=" " ind2=" ">
    <subfield code="z">9781975120771 (pbk.)</subfield>
  </datafield>
  <datafield tag="020" ind1=" " ind2=" ">
    <subfield code="z">1975120779 (pbk.)</subfield>
  </datafield>
  <datafield tag="040" ind1=" " ind2=" ">
    <subfield code="a">StDuBDS</subfield>
    <subfield code="b">eng</subfield>
    <subfield code="e">rda</subfield>
    <subfield code="c">StDuBDS</subfield>
    <subfield code="d">EG-ScBUE</subfield>
  </datafield>
  <datafield tag="082" ind1="0" ind2="4">
    <subfield code="a">610.73</subfield>
    <subfield code="b">POR</subfield>
    <subfield code="2">22</subfield>
  </datafield>
  <datafield tag="245" ind1="0" ind2="0">
    <subfield code="a">Portable RN :</subfield>
    <subfield code="b">the all-in-one nursing reference /</subfield>
    <subfield code="c">clinical editor, Denise Linton, Associate Professor, Dudley Joseph plaisance, Sr. Borsf Professorship in Nursing, University of Louisiana at Lafayette, College Of Nursing and Allied Health Professions, Lafayette, Louisiana.</subfield>
  </datafield>
  <datafield tag="250" ind1=" " ind2=" ">
    <subfield code="a">Fifth edition.</subfield>
  </datafield>
  <datafield tag="264" ind1=" " ind2="1">
    <subfield code="a">Philadelphia, PN. :</subfield>
    <subfield code="b">Wolters Kluwer / Lippincott Williams &amp; Wilkins</subfield>
    <subfield code="c">[2020]</subfield>
  </datafield>
  <datafield tag="264" ind1=" " ind2="4">
    <subfield code="c">c2020</subfield>
  </datafield>
  <datafield tag="300" ind1=" " ind2=" ">
    <subfield code="a">xi, 729 pages :</subfield>
    <subfield code="b">illustrations ;</subfield>
    <subfield code="c">22 cm</subfield>
  </datafield>
  <datafield tag="336" ind1=" " ind2=" ">
    <subfield code="a">text</subfield>
    <subfield code="b">txt</subfield>
    <subfield code="2">rdacontent</subfield>
  </datafield>
  <datafield tag="337" ind1=" " ind2=" ">
    <subfield code="a">unmediated</subfield>
    <subfield code="b">n</subfield>
    <subfield code="2">rdamedia</subfield>
  </datafield>
  <datafield tag="338" ind1=" " ind2=" ">
    <subfield code="a">volume</subfield>
    <subfield code="b">nc</subfield>
    <subfield code="2">rdacarrier</subfield>
  </datafield>
  <datafield tag="500" ind1=" " ind2=" ">
    <subfield code="a">Includes index.</subfield>
  </datafield>
  <datafield tag="505" ind1="0" ind2=" ">
    <subfield code="a">Assessment: reviewing the techniques / Leslie MacTaggart Myers --
Assessment findings: distinguishing health from disease / Denise Linton --
ECGs: interpreting them with ease and accuracy / Andrea Barnes Grant --
Common laboratory tests: giving care and interpreting results / Paula Gray --
Common disorders: treating and preventing diseases / Phyllis Adams --
Common procedures: performing them safely and accurately / Denise Linton --
Surgical patient care: reviewing the techniques / Marjorie Marie Grinam --
Pain management: assessing pain and using medications / Ashley H. Lee --
Pressure ulcers and traumatic wound care: preventing, staging, and treating wounds / Theresa Gunter Lawson --
Precautions: preventing the spread of infection / Arlene McEachron --
Troubleshooting: spotting and correcting equipment problems / Marjorie Marie Grinam --
Drug administration: reviewing the methods / Ebony Watson --
Dosage calculation: ensuring effective therapy / Denise Linton --
Drug hazards: recognizing and responding to them / Sheryl Mitchell --
Complications: spotting and correcting life-threatening conditions / Denise Linton --
End-of-life care: caring for the dying patient and the family / Theresa Gunter Lawson --
Documentation systems: completing forms fully and concisely / Denise Linton.</subfield>
  </datafield>
  <datafield tag="520" ind1=" " ind2=" ">
    <subfield code="a">The "Portable RN: The All-in-One Nursing Reference" is a convenient quick-reference to help nurses of all experience levels address a wide variety of patients in multiple practice settings. The book focuses on what you'll encounter in daily practice, and with information presented in a concise and to-the-point style, you and your colleagues stay up-to-date on constantly changing therapies, procedures, and other clinical activities. -- From publisher's description.</subfield>
  </datafield>
  <datafield tag="650" ind1=" " ind2="7">
    <subfield code="a">Nursing.</subfield>
    <subfield code="2">BUEsh</subfield>
  </datafield>
  <datafield tag="653" ind1=" " ind2=" ">
    <subfield code="b">NNUR</subfield>
    <subfield code="c">February2020</subfield>
  </datafield>
  <datafield tag="700" ind1="1" ind2=" ">
    <subfield code="a">Linton, Denise,</subfield>
    <subfield code="e">editor.</subfield>
    <subfield code="9">36116</subfield>
  </datafield>
  <datafield tag="856" ind1="4" ind2="0">
    <subfield code="3">Activate your E-book</subfield>
    <subfield code="u">https://medicine.lww.com/activate</subfield>
  </datafield>
  <datafield tag="942" ind1=" " ind2=" ">
    <subfield code="2">ddc</subfield>
    <subfield code="c">BB</subfield>
  </datafield>
  <datafield tag="952" ind1=" " ind2=" ">
    <subfield code="0">0</subfield>
    <subfield code="1">0</subfield>
    <subfield code="2">ddc</subfield>
    <subfield code="4">0</subfield>
    <subfield code="7">0</subfield>
    <subfield code="8">Alahram</subfield>
    <subfield code="a">MAIN</subfield>
    <subfield code="b">MAIN</subfield>
    <subfield code="c">1ST</subfield>
    <subfield code="d">2020-02-16</subfield>
    <subfield code="e">Purchase</subfield>
    <subfield code="g">675.00</subfield>
    <subfield code="h">542</subfield>
    <subfield code="l">0</subfield>
    <subfield code="o">610.73 POR</subfield>
    <subfield code="p">000048639</subfield>
    <subfield code="r">2025-07-15 00:00:00</subfield>
    <subfield code="v">843.75</subfield>
    <subfield code="w">2020-02-16</subfield>
    <subfield code="y">REFERENCE</subfield>
  </datafield>
</record>
